The Institute of Building Control weekend school 1994 (Record no. 101387)

MARC details
000 -LEADER
fixed length control field 00722cam a2200193 4500
001 - CONTROL NUMBER
control field J112280
008 - FIXED-LENGTH DATA ELEMENTS--GENERAL INFORMATION
fixed length control field 000000n1994 000 0 eng u
035 ## - SYSTEM CONTROL NUMBER
System control number (Sirsi) u112280
110 ## - MAIN ENTRY--CORPORATE NAME
Corporate name or jurisdiction name as entry element Institute of Building Control
9 (RLIN) 3341
245 #4 - TITLE STATEMENT
Title The Institute of Building Control weekend school 1994
260 ## - PUBLICATION, DISTRIBUTION, ETC.
Place of publication, distribution, etc. Epsom
Name of publisher, distributor, etc. IBC
Date of publication, distribution, etc. 1994
300 ## - PHYSICAL DESCRIPTION
Extent 26p. ; 30cm.
520 ## - SUMMARY, ETC.
Summary, etc. Stored in basement. Weekend School held at Canolfan Aberconwy central Llandudno 18th, 19th & 20th March 1994. Organised by the North Wales district of the Institute
650 ## - SUBJECT ADDED ENTRY--TOPICAL TERM
Topical term or geographic name entry element IBC
650 ## - SUBJECT ADDED ENTRY--TOPICAL TERM
Topical term or geographic name entry element INSTITUTE OF BUILDING CONTROL
650 ## - SUBJECT ADDED ENTRY--TOPICAL TERM
Topical term or geographic name entry element PROFESSIONAL ASSOCIATIONS
690 ## - LOCAL SUBJECT ADDED ENTRY--TOPICAL TERM (OCLC, RLIN)
Topical term or geographic name as entry element MANAGEMENT-BUSINESS MANAGEMENT-PROFESSIONAL PRACTICE
942 ## - ADDED ENTRY ELEMENTS (KOHA)
Suppress in OPAC 0
Holdings
Withdrawn status Lost status Source of classification or shelving scheme Damaged status Not for loan Home library Current library Shelving location Date acquired Total Checkouts Full call number Barcode Date last seen Copy number Price effective from Koha item type
    Dewey Decimal Classification     London London Basement 30/04/2001   BASEMENT 30064185 06/08/2019 1 06/08/2019 Reference material